<?xml version='1.0' encoding='UTF-8'?>
  <record xmlns="http://www.loc.gov/MARC21/slim">
    <leader>00000cem a2200000 i 4500</leader>
    <controlfield tag="001">ocn902704415</controlfield>
    <controlfield tag="003">OCoLC</controlfield>
    <controlfield tag="005">20260131210604.8</controlfield>
    <controlfield tag="007">au auuun</controlfield>
    <controlfield tag="008">150202s1613    ne        u     0   und d</controlfield>
    <datafield tag="040" ind1=" " ind2=" ">
      <subfield code="a">NLGGC</subfield>
      <subfield code="b">dut</subfield>
      <subfield code="e">fobidrtb</subfield>
      <subfield code="c">NLGGC</subfield>
      <subfield code="d">QGJ</subfield>
      <subfield code="d">OCLCL</subfield>
      <subfield code="d">OCLCQ</subfield>
    </datafield>
    <datafield tag="035" ind1=" " ind2=" ">
      <subfield code="a">(OCoLC)902704415</subfield>
    </datafield>
    <datafield tag="084" ind1=" " ind2=" ">
      <subfield code="a">74.20</subfield>
      <subfield code="2">bcl</subfield>
    </datafield>
    <datafield tag="245" ind1="0" ind2="0">
      <subfield code="a">Caerte vanden lande ende graefschappe van Hollandt, midtsgaders het landt van Utrecht, de deelen ende houcken van andere landen annex Holl[an]t gelegen, ende tselve landt naest beleyt hebben, perfect gemaect nade jegenwoirdige situatie eñ gelegentheyt /</subfield>
      <subfield code="c">[Jan Pietersz. Saenredam graveur].</subfield>
    </datafield>
    <datafield tag="255" ind1=" " ind2=" ">
      <subfield code="a">Schaal [ca. 1:480.000].</subfield>
    </datafield>
    <datafield tag="260" ind1=" " ind2=" ">
      <subfield code="a">[Amsterdam] :</subfield>
      <subfield code="b">[Cornelis Claesz.],</subfield>
      <subfield code="c">[1613]</subfield>
    </datafield>
    <datafield tag="300" ind1=" " ind2=" ">
      <subfield code="a">1 krt. :</subfield>
      <subfield code="b">koperdiepdruk. ;</subfield>
      <subfield code="c">26 x 37 cm.</subfield>
    </datafield>
    <datafield tag="336" ind1=" " ind2=" ">
      <subfield code="a">cartografische afbeelding</subfield>
      <subfield code="b">cri</subfield>
      <subfield code="2">rdacontent/dut</subfield>
    </datafield>
    <datafield tag="337" ind1=" " ind2=" ">
      <subfield code="a">zonder medium</subfield>
      <subfield code="b">n</subfield>
      <subfield code="2">rdamedia/dut</subfield>
    </datafield>
    <datafield tag="338" ind1=" " ind2=" ">
      <subfield code="a">vel</subfield>
      <subfield code="b">nb</subfield>
      <subfield code="2">rdacarrier/dut</subfield>
    </datafield>
    <datafield tag="500" ind1=" " ind2=" ">
      <subfield code="a">Oorspr. verschenen in: 1. Description de touts les Pays-Bas [...] / [Lodovico Guicciardini]. - Amstelodami : Willem Jansz. [Blaeu], 1613; 2. Description de touts les Pays-Bas [...] / [Lodovico Guicciardini]. - Amstelodami : apud Joannem Janssonium, 1625; [3.] Lud. Guicciardini Belgium universum [...]. - apud Ioannem Ianssonium, 1646; [4.] Belgium dat is Nederlandt [...] / door den vermaarden M. Louuys Guicciardijn [...]. - Amstelodami : apud Joannem Janssonium, 1648 (36).</subfield>
    </datafield>
    <datafield tag="500" ind1=" " ind2=" ">
      <subfield code="a">Geen typografische tekst op de keerzijde.</subfield>
    </datafield>
    <datafield tag="510" ind1="0" ind2=" ">
      <subfield code="a">Blonk 20.3b</subfield>
    </datafield>
    <datafield tag="510" ind1="0" ind2=" ">
      <subfield code="a">Deys, Holland 4.2</subfield>
    </datafield>
    <datafield tag="651" ind1=" " ind2="7">
      <subfield code="a">Holland.</subfield>
      <subfield code="0">(NL-LeOCL)078535999.</subfield>
      <subfield code="2">gtt</subfield>
    </datafield>
    <datafield tag="655" ind1=" " ind2="7">
      <subfield code="a">Kaarten (vorm)</subfield>
      <subfield code="0">(NL-LeOCL)088143554.</subfield>
      <subfield code="2">gtt</subfield>
    </datafield>
    <datafield tag="700" ind1="1" ind2=" ">
      <subfield code="a">Saenredam, Jan Pietersz.</subfield>
    </datafield>
    <datafield tag="758" ind1=" " ind2=" ">
      <subfield code="a">Caerte vanden lande ende graefschappe van Hollandt, midtsgaders het landt van Utrecht, de deelen ende houcken van andere landen annex Holl[an]t gelegen, ende tselve landt naest beleyt hebben, perfect gemaect nade jegenwoirdige situatie eñ gelegentheyt (CartographicMaterial)</subfield>
      <subfield code="1">https://id.oclc.org/worldcat/entity/E39PD3q3rhTHBKp7VGdG9Mf7Dy</subfield>
      <subfield code="4">https://id.oclc.org/worldcat/ontology/hasWork</subfield>
    </datafield>
    <datafield tag="856" ind1="4" ind2="1">
      <subfield code="u">http://objects.library.uu.nl/reader/resolver.php?obj=002196894&amp;type=2</subfield>
      <subfield code="x">Online</subfield>
      <subfield code="z">Full image</subfield>
    </datafield>
    <datafield tag="936" ind1=" " ind2=" ">
      <subfield code="a">BATCHLOAD</subfield>
    </datafield>
  </record>